Estadísticas para POBLES DEL GARRAF

Haz click aquí para intentar la prueba.

Estadísticas generales

  • Esta prueba ha sido intentada 3 veces
  • La puntuación promedio es 3 de 6

Estadísticas de respuestas

INICIALMUNICIPI% Correcto
SSitges
100%
VVilanova i la Geltrú
100%
SSant Pere de Ribes
67%
CCubelles
33%
OOlivella
33%
CCanyelles
0%

Distribución de puntuación

Porcentaje por número respondido

Porcentaje de gente con cada puntuación

Historial de tus puntuaciones

No has intentado esta prueba.